[Event "40th Olympiad Women"]
[Site "Istanbul TUR"]
[Date "2012.09.07"]
[Round "10.30"]
[Board "1"]
[White "Petrenko, Svetlana"]
[Black "Smith, Olivia"]
[Result "1-0"]
[WhiteTitle "IM"]
[BlackTitle "WFM"]
[WhiteElo "2199"]
[BlackElo "2022"]
[WhiteTeam "Moldova"]
[BlackTeam "Wales"]
[WhiteFideId "13900196"]
[BlackFideId "411850"]
[EventDate "2012.08.28"]

1. e4 e5 2. Nf3 Nf6 3. Nc3 Nc6 4. Bc4 Nxe4 5. Nxe4 d5 6. Bd3 dxe4 7. Bxe4 Bd6 8.
O-O O-O 9. h3 Ne7 10. c3 Kh8 11. d4 f5 12. dxe5 fxe4 13. Ng5 Bf5 14. exd6 Qxd6
15. Qxd6 cxd6 16. f3 exf3 17. Nxf3 Nc6 18. Bg5 h6 19. Bh4 d5 20. Bg3 Bh7 21. a4
a6 22. Bd6 Rfd8 23. Bc5 Re8 24. Rf2 Bg8 25. Rd1 b5 26. Ra1 bxa4 27. Rxa4 Ne5 28.
Bd4 Nxf3+ 29. Rxf3 Be6 30. Ra5 Kh7 31. Re3 Kg8 32. Re1 Kf7 33. Rea1 Red8 34.
Rxa6 Rxa6 35. Rxa6 Rd7 36. g4 h5 37. g5 g6 38. h4 Bf5 39. Rf6+ Ke7 40. b4 Kd8
41. Rc6 Rb7 42. Ra6 Kd7 43. Bc5 Be4 44. Kf2 Kc8 45. Ke3 Bf5 46. Kd4 Rd7 47. Ke5
Kb8 48. Rf6 Bd3 49. Bd6+ Kb7 50. Kxd5 1-0

[Event "40th Olympiad Women"]
[Site "Istanbul TUR"]
[Date "2012.09.07"]
[Round "10.30"]
[Board "2"]
[White "Blackburn, Suzie G."]
[Black "Baciu, Diana"]
[Result "0-1"]
[WhiteTitle "WFM"]
[BlackTitle "WFM"]
[WhiteElo "1967"]
[BlackElo "2186"]
[WhiteTeam "Wales"]
[BlackTeam "Moldova"]
[WhiteFideId "414930"]
[BlackFideId "13903284"]
[EventDate "2012.08.28"]

1. d4 d5 2. Nf3 Nf6 3. e3 c5 4. Bd3 Nc6 5. O-O Bg4 6. Nbd2 cxd4 7. exd4 Nxd4 8.
h3 Bxf3 9. Nxf3 Nc6 10. c3 e6 11. Qb3 Qb6 12. Be3 Qxb3 13. axb3 a6 14. b4 Rc8
15. b5 axb5 16. Bxb5 Nd7 17. Nd4 Bd6 18. Bxc6 bxc6 19. Ra6 Nb8 20. Rb6 O-O 21.
Ra1 Rfe8 22. Nb5 Be5 23. Na7 Rc7 24. f4 Bf6 25. Ra3 g6 26. Rab3 Rxa7 27. Rxb8
Ra8 28. Rxe8+ Rxe8 29. Rb6 Rc8 30. Bc5 g5 31. g3 gxf4 32. gxf4 e5 33. fxe5 Bxe5
34. Kf2 Kg7 35. Kf3 Kg6 36. Be3 h5 37. Ra6 f6 38. Bc5 Kf5 39. Rb6 Kg5 40. Be3+
Kf5 41. Bc5 Rc7 42. Bf2 Ke6 43. h4 Kd6 44. Rb8 c5 45. Rd8+ Ke6 46. Rh8 c4 47.
Rb8 Rd7 48. Rb6+ Rd6 49. Rb7 Ra6 50. Ke2 Kf5 51. Kd2 Ra1 52. Rd7 Ke4 53. Rh7
Bf4+ 54. Ke2 Ra2 55. Rb7 Bc1 56. Bd4 Rxb2+ 57. Rxb2 Bxb2 58. Bxf6 Bc1 59. Bd4
Bf4 60. Bf2 Be5 61. Kd2 Kf3 62. Be1 Bf4+ 63. Kd1 Bg3 64. Bxg3 Kxg3 65. Ke2 Kxh4
66. Ke3 Kg3 67. Kd4 h4 68. Kxd5 h3 69. Kxc4 h2 70. Kb5 h1=Q 71. c4 Kf4 0-1

[Event "40th Olympiad Women"]
[Site "Istanbul TUR"]
[Date "2012.09.07"]
[Round "10.30"]
[Board "3"]
[White "Smokina, Karolina"]
[Black "Roberts, Lynda"]
[Result "1-0"]
[WhiteTitle "WGM"]
[WhiteElo "2156"]
[BlackElo "1914"]
[WhiteTeam "Moldova"]
[BlackTeam "Wales"]
[WhiteFideId "13900382"]
[BlackFideId "1800191"]
[EventDate "2012.08.28"]

1. c4 f5 2. Nc3 Nf6 3. g3 g6 4. Bg2 Bg7 5. d3 O-O 6. e4 d6 7. Nge2 c6 8. O-O e5
9. d4 Na6 10. d5 c5 11. f4 Nd7 12. Be3 Nc7 13. Qd2 Ne8 14. Rae1 exf4 15. Bxf4
Ne5 16. b3 Qe7 17. Bg5 Nf6 18. Nc1 a6 19. a4 Qc7 20. Nd3 Nxd3 21. Qxd3 fxe4 22.
Nxe4 Bf5 23. Bxf6 Bxf6 24. Nxf6+ Rxf6 25. Qc3 Rff8 26. h3 Rae8 27. g4 Bc8 28.
Rxe8 Rxe8 29. Qf6 a5 30. Kh2 b6 31. Rf4 Qd7 32. Kg3 Re3+ 33. Bf3 Re8 34. h4 Rd8
35. Be4 Re8 36. Bf3 Qe7 37. Qxe7 Rxe7 38. Rf6 Rd7 39. g5 Rd8 40. h5 Bf5 41. hxg6
hxg6 42. Bg4 Bxg4 43. Rxg6+ Kf7 44. Rf6+ Ke7 45. Kxg4 Rh8 46. Rh6 Rf8 47. Rh7+
Kd8 48. g6 Rf1 49. g7 Rg1+ 50. Kf5 Ke8 51. Rh8+ Kf7 52. Ke4 1-0

[Event "40th Olympiad Women"]
[Site "Istanbul TUR"]
[Date "2012.09.07"]
[Round "10.31"]
[Board "2"]
[White "Dengler, Dijana"]
[Black "Johansson, Viktoria"]
[Result "1-0"]
[WhiteTitle "WFM"]
[BlackTitle "WIM"]
[WhiteElo "2066"]
[BlackElo "2179"]
[WhiteTeam "Bosnia & Herzegovina"]
[BlackTeam "Sweden"]
[WhiteFideId "14400081"]
[BlackFideId "1701940"]
[EventDate "2012.08.28"]

1. d4 d5 2. Nf3 Nf6 3. Bg5 Ne4 4. Bf4 c5 5. e3 Nc6 6. c3 Qb6 7. Qb3 c4 8. Qxb6
axb6 9. Nbd2 Nxd2 10. Nxd2 b5 11. e4 e6 12. Be2 Be7 13. O-O O-O 14. Bf3 g5 15.
Bc7 dxe4 16. Nxe4 f5 17. Nd2 g4 18. Be2 Rf7 19. Bf4 Bf6 20. a4 Ne7 21. axb5 Rxa1
22. Rxa1 Nd5 23. Bd6 Bd7 24. Bxc4 Bg5 25. Nb3 h5 26. Nc5 h4 27. Re1 Bd2 28. Re2
Bf4 29. Bxf4 Nxf4 30. Re1 Kh8 31. Nd3 Nxd3 32. Bxd3 Kg7 33. c4 Kf6 34. c5 Be8
35. Bc4 Re7 36. f4 gxf3 37. gxf3 h3 38. Kf2 Bf7 39. f4 Rd7 40. Ke3 Rd8 41. Rg1
Bh5 42. Rg3 Bg4 43. Kd3 Re8 44. Re3 Re7 45. b4 Re8 46. b6 Bh5 47. b5 Bf7 48. c6
Ke7 49. Rxh3 Ra8 50. Rh7 Rf8 51. d5 Kd8 52. dxe6 Kc8 53. exf7 Kb8 54. Rg7 1-0

[Event "40th Olympiad Women"]
[Site "Istanbul TUR"]
[Date "2012.09.07"]
[Round "10.31"]
[Board "3"]
[White "Andersson, Christin"]
[Black "Dedijer, Sanja"]
[Result "1-0"]
[WhiteTitle "WIM"]
[WhiteElo "2074"]
[BlackElo "2036"]
[WhiteTeam "Sweden"]
[BlackTeam "Bosnia & Herzegovina"]
[WhiteFideId "1702947"]
[BlackFideId "14401878"]
[EventDate "2012.08.28"]

1. e4 e5 2. Nf3 Nc6 3. Bc4 Nf6 4. d3 Be7 5. c3 O-O 6. O-O d6 7. Re1 Bg4 8. Nbd2
Kh8 9. Nf1 d5 10. exd5 Nxd5 11. h3 Bh5 12. Ng3 Bg6 13. Nxe5 Nxe5 14. Rxe5 Nb6
15. Bb3 Bd6 16. Re3 f5 17. Nf1 f4 18. Re1 Qh4 19. Nh2 Bh5 20. Nf3 Qf6 21. Bd2
Nd7 22. d4 c5 23. Re6 Qf5 24. Rxd6 cxd4 25. Be6 Qg6 26. Rxd7 Qxe6 27. Rxd4 Rad8
28. Bxf4 Rxd4 29. Qxd4 Bxf3 30. gxf3 Qxh3 31. Bg3 Qf5 32. Qe4 Qxf3 33. Qxf3 Rxf3
34. Rd1 h5 35. Rd7 g5 36. Rxb7 h4 37. Be5+ Kg8 38. Rg7+ Kf8 39. Rxg5 h3 40. Bd4 1-0

[Event "40th Olympiad Women"]
[Site "Istanbul TUR"]
[Date "2012.09.07"]
[Round "10.31"]
[Board "4"]
[White "Dedijer, Mira"]
[Black "Horn, Emilia"]
[Result "1-0"]
[BlackTitle "WFM"]
[WhiteElo "1981"]
[BlackElo "2037"]
[WhiteTeam "Bosnia & Herzegovina"]
[BlackTeam "Sweden"]
[WhiteFideId "14401622"]
[BlackFideId "1705385"]
[EventDate "2012.08.28"]

1. e4 e5 2. Nf3 Nc6 3. Bb5 Nf6 4. O-O Nxe4 5. Re1 Nd6 6. Nxe5 Nxe5 7. Rxe5+ Be7
8. Ba4 O-O 9. d4 b6 10. Qg4 f5 11. Bb3+ Kh8 12. Qd1 Bf6 13. Re1 Bb7 14. Nc3 Bg5
15. Bd5 c6 16. Bf3 Nf7 17. g3 Bxc1 18. Rxc1 Ng5 19. Bg2 f4 20. Qg4 Ne6 21. d5
cxd5 22. Nxd5 fxg3 23. hxg3 Rb8 24. c3 Bc6 25. Rcd1 Qg5 26. Qxg5 Nxg5 27. Re3
Rbe8 28. Rde1 Rxe3 29. Rxe3 g6 30. f4 Ne6 31. Nb4 Bxg2 32. Kxg2 g5 33. fxg5 Rf5
34. Rd3 Rxg5 35. Rxd7 a5 36. Nd5 b5 37. Nf6 Rg7 38. Rxg7 Kxg7 39. Ne4 Kg6 40.
Kf3 Nc7 41. Kf4 Nd5+ 42. Ke5 Ne3 43. Kd4 Nd1 44. b3 h5 45. c4 bxc4 46. bxc4 Nb2
47. Nc3 Kf5 48. c5 Ke6 49. Ne2 Kf5 50. c6 Na4 51. c7 Nb6 52. Kc5 Nc8 53. Kb5 Kg4
54. Kxa5 Kf3 55. Nf4 Kxg3 56. Nxh5+ Kg4 57. Nf6+ Kf5 58. Ne8 Ke6 59. Ka6 Kd7 60.
Kb7 Ne7 61. Nf6+ Ke6 62. Ng8 Kd7 63. Nxe7 1-0

[Event "40th Olympiad Women"]
[Site "Istanbul TUR"]
[Date "2012.09.07"]
[Round "10.32"]
[Board "1"]
[White "Abarca Gonzalez, Damaris"]
[Black "Olatunji, Oluwatobiloba"]
[Result "1-0"]
[WhiteElo "2024"]
[BlackElo "1818"]
[WhiteTeam "Chile"]
[BlackTeam "Nigeria"]
[WhiteFideId "3409414"]
[BlackFideId "8500924"]
[EventDate "2012.08.28"]

1. e4 e6 2. d3 d5 3. Nd2 Nf6 4. g3 dxe4 5. dxe4 b6 6. Bg2 Bb7 7. Ne2 Nc6 8. O-O
Be7 9. c3 O-O 10. Qa4 Ne5 11. Rd1 Qd7 12. Qxd7 Nfxd7 13. f4 Nd3 14. Nb3 N7c5 15.
Nxc5 Bxc5+ 16. Nd4 Nxc1 17. Raxc1 Rfd8 18. b4 Be7 19. e5 Bxg2 20. Kxg2 Kf8 21.
Nc6 Rxd1 22. Rxd1 Ke8 23. Kf3 a5 24. b5 Bc5 25. a4 f5 26. h3 g6 27. g4 Rc8 28.
g5 Ra8 29. h4 Rc8 30. h5 Bf8 31. hxg6 hxg6 32. Rh1 Bg7 33. Rd1 Bf8 34. c4 Bg7
35. Ke2 Bf8 36. Rd3 Ra8 37. Nd4 Kf7 38. Nf3 Re8 39. Nh4 Re7 40. Rd8 Re8 41. Rxe8
Kxe8 42. Nxg6 Bc5 43. Nh4 Kf7 44. Kf3 Kg7 45. Kg3 Be3 46. g6 Bc5 47. Nf3 Kxg6
48. Ng5 Bg1 49. Nxe6 Kf7 50. Nxc7 Bc5 51. Na6 Bd4 52. c5 bxc5 53. b6 c4 54. b7
Ba7 55. Kf3 c3 56. Ke2 Ke6 57. b8=Q Bxb8 58. Nxb8 Kd5 59. Kd3 c2 60. Kxc2 1-0

[Event "40th Olympiad Women"]
[Site "Istanbul TUR"]
[Date "2012.09.07"]
[Round "10.32"]
[Board "3"]
[White "Larrachea Formas, Emilia"]
[Black "Akintola, Olufunmilayo"]
[Result "1-0"]
[WhiteElo "2061"]
[BlackElo "1747"]
[WhiteTeam "Chile"]
[BlackTeam "Nigeria"]
[WhiteFideId "3400727"]
[BlackFideId "8500886"]
[EventDate "2012.08.28"]

1. d4 d5 2. Nf3 Nf6 3. g3 Bf5 4. Bg2 e6 5. O-O Bd6 6. Nbd2 O-O 7. c4 c6 8. a3 a5
9. Qb3 Qc8 10. Re1 Ne4 11. Nxe4 Bxe4 12. Bd2 Nd7 13. Rac1 dxc4 14. Qxc4 Nb6 15.
Qb3 Ra6 16. Bf1 a4 17. Qe3 Bd5 18. Qc3 Nc4 19. e4 b5 20. exd5 exd5 21. Ne5 Bxe5
22. dxe5 Qf5 23. Bd3 Qg4 24. f3 Qh5 25. Bf4 g5 26. g4 Qh6 27. Bg3 Re8 28. Bf5
Ra7 29. Qd4 Rae7 30. Re2 Qg7 31. Rce1 Qh6 32. Bd3 Qe6 33. h4 Qh6 34. Rh2 f6 35.
hxg5 fxe5 36. Qf2 Qd6 37. Rh6 Qd7 38. Bf5 Qb7 39. Qh2 d4 40. Be4 Rc8 41. g6 Rcc7
42. Qh4 Qa7 43. gxh7+ Rxh7 44. Qd8+ 1-0

[Event "40th Olympiad Women"]
[Site "Istanbul TUR"]
[Date "2012.09.07"]
[Round "10.33"]
[Board "2"]
[White "Ui Laighleis, Gearoidin"]
[Black "Hamid, Rani"]
[Result "0-1"]
[WhiteTitle "WCM"]
[BlackTitle "WIM"]
[WhiteElo "1894"]
[BlackElo "1952"]
[WhiteTeam "Ireland"]
[BlackTeam "Bangladesh"]
[WhiteFideId "2501171"]
[BlackFideId "10200096"]
[EventDate "2012.08.28"]

1. d4 d5 2. Nf3 Nf6 3. e3 e6 4. Bd3 c5 5. b3 Nc6 6. Bb2 Be7 7. Nbd2 O-O 8. O-O
Nb4 9. Be2 b6 10. Ne5 Bb7 11. f4 Rc8 12. a3 Nc6 13. Bd3 Bd6 14. Rc1 Ne7 15. Ndf3
Ne4 16. Nd2 Nf5 17. Rf3 cxd4 18. exd4 Nc3 19. Bxc3 Rxc3 20. Bxf5 Rxf3 21. Bxh7+
Kxh7 22. Qxf3 g6 23. a4 Kg7 24. g3 Qc7 25. Qd3 Rc8 26. Ndf3 Qc3 27. Qxc3 Rxc3
28. Ne1 Ba6 29. Kf2 f6 30. N5f3 Bb4 31. Kg2 Kf7 32. Kf2 Ke7 33. Ng1 Rc8 34. Ngf3
Bc3 35. Ke3 Bb4 36. Kf2 Rc3 37. Nh4 Kf7 38. Nhf3 Kg7 39. h3 Rc8 40. Nh2 e5 41.
fxe5 fxe5 42. dxe5 d4 43. Rd1 Bxe1+ 44. Kxe1 Rxc2 45. Rd2 Rc1+ 46. Kf2 d3 47.
Nf3 Rb1 48. Nd4 Kf7 49. h4 Rc1 50. Ke3 Re1+ 51. Kf2 Rxe5 52. Nc6 Rf5+ 53. Ke3
Kg7 54. Nxa7 Re5+ 55. Kd4 Re2 56. Kc3 Re3 57. g4 Rg3 58. h5 g5 59. Nb5 Rxg4 60.
Rxd3 Kh6 61. Rd6+ Kxh5 62. Rxb6 Rg3+ 63. Kd2 Bc8 64. Nd4 Rg2+ 65. Ke3 g4 66. a5
Ra2 67. Rb5+ Kh4 68. b4 Ra3+ 69. Kf4 Ra1 70. Rb6 Rf1+ 71. Ke3 Ra1 72. Rh6+ Kg5
73. Rh8 Ra3+ 74. Kd2 Ba6 75. Ne6+ Kf5 76. Nd4+ Ke4 77. Ne6 Bc4 78. Nc5+ Kd4 79.
Rd8+ Bd5 80. Ne6+ Kc4 81. Rc8+ Kxb4 82. Nf4 Bc4 83. Rb8+ Kxa5 84. Ra8+ Ba6 85.
Rg8 g3 86. Rg5+ Bb5 87. Ke1 Rf3 88. Ng2 Rf1+ 89. Kd2 Rf2+ 90. Ke3 Rxg2 91. Kf3
Rf2+ 92. Kxg3 Rf7 93. Kh4 Kb4 94. Re5 Bc4 95. Kg5 Kc3 96. Kh6 Kd4 97. Re1 Bd3
98. Kg5 Be4 99. Kh6 Ke5 100. Ra1 Rh7+ 101. Kg5 Rg7+ 102. Kh6 Rg6+ 103. Kh5 Rf6
104. Kg5 Rf7 105. Ra5+ Bd5 106. Kg6 Rf8 107. Kg7 Rg8+ 108. Kh7 Rd8 109. Kg7 Rd7+
110. Kg6 Rb7 111. Kg5 Rb2 112. Kh6 Rg2 113. Kh5 Ke6 114. Kh4 Be4 115. Kh3 Rg7
116. Kh2 Bf5 117. Rc5 Kf6 118. Ra5 Rg4 119. Rc5 Kg5 120. Rc7 Kf4 121. Rc4+ Be4
122. Kh3 Rg8 123. Kh2 Rg2+ 124. Kh3 Rg1 125. Rxe4+ Kxe4 126. Kh2 Rg8 127. Kh3
Kf4 128. Kh2 Kf3 129. Kh1 Kf2 130. Kh2 Rh8# 0-1

[Event "40th Olympiad Women"]
[Site "Istanbul TUR"]
[Date "2012.09.07"]
[Round "10.34"]
[Board "1"]
[White "Milligan, Helen"]
[Black "Cordero, Daniela"]
[Result "0-1"]
[WhiteTitle "WFM"]
[BlackTitle "WIM"]
[WhiteElo "1987"]
[BlackElo "2055"]
[WhiteTeam "New Zealand"]
[BlackTeam "Bolivia"]
[WhiteFideId "2401312"]
[BlackFideId "3301630"]
[EventDate "2012.08.28"]

1. e4 e6 2. d4 d5 3. Nc3 Nf6 4. e5 Nfd7 5. f4 c5 6. Nf3 Nc6 7. Be3 Rb8 8. Qd2
Qa5 9. Be2 b5 10. dxc5 b4 11. Nd1 Ba6 12. O-O Bxe2 13. Qxe2 Bxc5 14. Bxc5 Qxc5+
15. Nf2 O-O 16. Rfd1 Nb6 17. Kh1 Nc4 18. Nd3 Qb5 19. Qf2 a5 20. Nd4 Nxd4 21.
Qxd4 Rfc8 22. Rac1 Nb6 23. b3 h6 24. h3 Rc6 25. Qb2 Rbc8 26. Rd2 Rc3 27. a3 Nd7
28. axb4 axb4 29. Ra1 Nc5 30. Nf2 Qc6 31. Qa2 Ne4 32. Nxe4 dxe4 33. Qa7 Rxc2 34.
Rxc2 Qxc2 35. Qd4 Qe2 36. Qxb4 Rc2 37. Rg1 e3 38. Qe4 Qd2 39. Kh2 e2 40. Ra1 Ra2
41. Rxa2 Qxa2 42. Kg3 Qd2 0-1

[Event "40th Olympiad Women"]
[Site "Istanbul TUR"]
[Date "2012.09.07"]
[Round "10.34"]
[Board "2"]
[White "Borda, Carla"]
[Black "Gao, Judy"]
[Result "0-1"]
[WhiteTitle "WCM"]
[BlackTitle "WCM"]
[WhiteElo "1977"]
[BlackElo "1949"]
[WhiteTeam "Bolivia"]
[BlackTeam "New Zealand"]
[WhiteFideId "3301087"]
[BlackFideId "4302257"]
[EventDate "2012.08.28"]

1. e4 d5 2. exd5 Qxd5 3. Nc3 Qa5 4. d4 Nf6 5. Bc4 c6 6. Nf3 Bf5 7. Bd2 e6 8. Ne5
h6 9. g4 Bh7 10. Qe2 Qc7 11. Bf4 Qe7 12. O-O-O Nbd7 13. h4 Nd5 14. Bxd5 exd5 15.
Qd2 Nxe5 16. Bxe5 O-O-O 17. Rde1 f6 18. Bb8 Qd7 19. Bxa7 Bd6 20. Na4 Bc7 21.
Nb6+ Bxb6 22. Bxb6 Rde8 23. Qa5 Qd6 24. Bc5 Qb8 25. Qb4 Qf4+ 26. Kb1 Qxf2 27.
Rc1 Re2 28. Qa4 Rhe8 29. Qa8+ Kc7 30. Qa5+ Kd7 31. Qc3 R8e3 32. Qb4 Kc8 33. Bd6
Rxc2 34. Rxc2 Qxc2+ 35. Ka1 Rd3 36. Qe1 Be4 37. Rf1 Rd2 38. Ba3 b5 39. Qc1 Rxd4
40. Qxc2 Bxc2 41. g5 Rxh4 42. gxf6 gxf6 43. Be7 Rd4 44. Bxf6 Rd1+ 45. Rxd1 Bxd1
46. b4 Kd7 47. Kb2 Ke6 48. Bg7 h5 49. Kc3 h4 50. Bd4 h3 51. Bg1 Ke5 52. Kd2 Bg4
53. Ke3 d4+ 54. Kf2 Ke4 55. Kg3 Kd3 0-1

[Event "40th Olympiad Women"]
[Site "Istanbul TUR"]
[Date "2012.09.07"]
[Round "10.34"]
[Board "3"]
[White "Tsoi, Nicole"]
[Black "Estrada, Lucia"]
[Result "1/2-1/2"]
[WhiteTitle "WFM"]
[BlackTitle "WIM"]
[WhiteElo "1786"]
[BlackElo "2026"]
[WhiteTeam "New Zealand"]
[BlackTeam "Bolivia"]
[WhiteFideId "4302605"]
[BlackFideId "3301923"]
[EventDate "2012.08.28"]

1. d4 d5 2. Bf4 Nf6 3. e3 e6 4. Nf3 c5 5. c3 Nbd7 6. Nbd2 b6 7. h3 Bb7 8. Bd3
Be7 9. O-O Ne4 10. Ne5 O-O 11. Qc2 f5 12. f3 Nxd2 13. Qxd2 Nf6 14. g4 Nd7 15.
Qg2 Nxe5 16. Bxe5 Bf6 17. Qh2 Qd7 18. Rae1 Rae8 19. Re2 Bc6 20. Rg2 Bb5 21. Bxb5
Qxb5 22. Qg3 Qd7 23. Kh1 Bxe5 24. Qxe5 Rf7 25. Rfg1 Qc7 26. gxf5 Qxe5 27. dxe5
exf5 28. f4 Kf8 29. Rd1 Rd7 30. Rgd2 Red8 31. Kg2 Ke7 32. Kg3 Ke6 33. Kf3 1/2-1/2

[Event "40th Olympiad Women"]
[Site "Istanbul TUR"]
[Date "2012.09.07"]
[Round "10.35"]
[Board "1"]
[White "Vazquez Maccarini, Danitza"]
[Black "Hamza, Amira"]
[Result "1/2-1/2"]
[WhiteTitle "WFM"]
[BlackTitle "WCM"]
[WhiteElo "1916"]
[BlackElo "1840"]
[WhiteTeam "Puerto Rico"]
[BlackTeam "Algeria"]
[WhiteFideId "3101193"]
[BlackFideId "7901160"]
[EventDate "2012.08.28"]

1. e4 d6 2. d4 g6 3. Nc3 Bg7 4. Be3 Nf6 5. f3 Nbd7 6. Qd2 e5 7. Bc4 O-O 8. Nge2
c6 9. a4 Re8 10. O-O Nf8 11. Rad1 Qe7 12. Kh1 Kh8 13. Qd3 Ng8 14. b4 f5 15. dxe5
Bxe5 16. Bd4 Be6 17. Bxe6 Qxe6 18. exf5 Qxf5 19. Qxf5 gxf5 20. f4 Bxd4 21. Nxd4
Nh6 22. b5 Re3 23. Rf3 Rae8 24. bxc6 bxc6 25. Rxe3 Rxe3 26. Nb1 Ne6 27. Nxc6
Nxf4 28. g3 Ng4 29. Rc1 Nh3 30. Nd4 Ng5 31. Kg2 Re4 32. c3 Ne3+ 33. Kf2 Ng4+ 34.
Kg2 Ne3+ 35. Kf2 Ng4+ 1/2-1/2

[Event "40th Olympiad Women"]
[Site "Istanbul TUR"]
[Date "2012.09.07"]
[Round "10.35"]
[Board "2"]
[White "Latreche, Khadidja"]
[Black "Comas Colon, Rinelly"]
[Result "1/2-1/2"]
[WhiteTitle "WCM"]
[BlackTitle "WFM"]
[WhiteElo "1889"]
[BlackElo "1810"]
[WhiteTeam "Algeria"]
[BlackTeam "Puerto Rico"]
[WhiteFideId "7901780"]
[BlackFideId "3101576"]
[EventDate "2012.08.28"]

1. e4 g6 2. d4 Bg7 3. f4 d6 4. Nf3 Nf6 5. Nc3 O-O 6. Be2 c5 7. d5 Na6 8. O-O Nc7
9. h3 b5 10. Nd2 b4 11. Ncb1 Ba6 12. c4 bxc3 13. Nxc3 Bxe2 14. Qxe2 Rb8 15. g4
Qc8 16. Nc4 Qa6 17. Bd2 Rb4 18. b3 Rbb8 19. Rad1 Nb5 20. Nxb5 Qxb5 21. Qg2 Qd7
22. Be3 Qc7 23. h4 h5 24. gxh5 Nxh5 25. f5 Kh7 26. Kh1 Qc8 27. Rg1 Qe8 28. Rdf1
Rg8 29. Qf3 Bf6 30. Bg5 Rg7 31. Bxf6 Nxf6 32. e5 dxe5 33. Nxe5 Kg8 34. fxg6 fxg6
35. Qd3 Rd8 36. Rxg6 Rxg6 37. Nxg6 Rxd5 38. Qg3 Kh7 39. Nf4 Rd2 40. Rg1 Qa8+ 41.
Rg2 Rxg2 42. Nxg2 Qc6 43. Qd3+ Kg7 44. Kg1 Qc7 45. Kf2 Ng4+ 46. Ke2 Qe5+ 47. Kf3
Nh2+ 48. Kf2 1/2-1/2

[Event "40th Olympiad Women"]
[Site "Istanbul TUR"]
[Date "2012.09.07"]
[Round "10.35"]
[Board "3"]
[White "Pacheco Medina, Hilzandryly"]
[Black "Latreche, Sabrina"]
[Result "0-1"]
[BlackTitle "WIM"]
[WhiteElo "1820"]
[BlackElo "1949"]
[WhiteTeam "Puerto Rico"]
[BlackTeam "Algeria"]
[WhiteFideId "3100480"]
[BlackFideId "7901798"]
[EventDate "2012.08.28"]

1. d4 Nf6 2. c4 d5 3. Nc3 e6 4. cxd5 Nxd5 5. e4 Nxc3 6. bxc3 c5 7. Bb5+ Bd7 8.
Bxd7+ Nxd7 9. d5 Nb6 10. c4 Qf6 11. Bd2 Qd4 12. Ne2 Qxe4 13. dxe6 Qxe6 14. O-O
O-O-O 15. Qc2 Qxe2 0-1

[Event "40th Olympiad Women"]
[Site "Istanbul TUR"]
[Date "2012.09.07"]
[Round "10.35"]
[Board "4"]
[White "Abdi, Zineb Dina"]
[Black "Vega Jimenez, Keyshla M"]
[Result "1-0"]
[WhiteTitle "WCM"]
[WhiteElo "1898"]
[BlackElo "1654"]
[WhiteTeam "Algeria"]
[BlackTeam "Puerto Rico"]
[WhiteFideId "7900880"]
[BlackFideId "3101851"]
[EventDate "2012.08.28"]

1. e4 c5 2. Nf3 e6 3. d4 cxd4 4. Nxd4 a6 5. c4 Qc7 6. Nc3 Bc5 7. Be3 Nf6 8. Be2
d6 9. O-O O-O 10. Qd2 Nbd7 11. Nc2 Bxe3 12. Nxe3 Rd8 13. Rad1 Ne5 14. f4 Ng6 15.
e5 Ne8 16. Ne4 d5 17. cxd5 b5 18. d6 Qb6 19. Qd4 Qxd4 20. Rxd4 f5 21. Nc5 Nf8
22. Bf3 Ra7 23. Rc1 g6 24. Bc6 Ng7 25. d7 Nxd7 26. Nxd7 Bxd7 27. Rcd1 h5 28.
Rxd7 Raxd7 29. Rxd7 Rxd7 30. Bxd7 Kf7 31. Nc2 Ke7 32. Bc6 Kd8 33. h4 Kc7 34. Nd4
b4 35. Kf2 a5 36. Ke3 1-0

[Event "40th Olympiad Women"]
[Site "Istanbul TUR"]
[Date "2012.09.07"]
[Round "10.36"]
[Board "1"]
[White "Ramos Dos, Rosangela"]
[Black "Zozulia, Anna"]
[Result "0-1"]
[BlackTitle "IM"]
[WhiteElo "1707"]
[BlackElo "2346"]
[WhiteTeam "Suriname"]
[BlackTeam "Belgium"]
[WhiteFideId "8200521"]
[BlackFideId "14102110"]
[EventDate "2012.08.28"]

1. e4 c5 2. Nf3 e6 3. d4 cxd4 4. Nxd4 Nc6 5. g3 h5 6. h4 Nf6 7. Bg2 Qb6 8. Nb3
Be7 9. Nc3 a6 10. a4 Ng4 11. O-O Nce5 12. Qe2 d6 13. Nd1 Bd7 14. Ne3 Rc8 15. Rd1
O-O 16. a5 Qc7 17. Nxg4 Nxg4 18. c3 Bb5 19. Qe1 e5 20. Be3 Nxe3 21. Qxe3 Bc4 22.
Nd2 Be6 23. Nf3 Qc5 24. Qxc5 Rxc5 25. Rd2 g6 26. Ne1 Rc7 27. Nd3 Rfc8 28. Nb4
Rc5 29. Nc2 Kf8 30. Ne3 Ke8 31. Nd1 Kd7 32. Ne3 Bd8 33. Nd5 Rxa5 34. Rxa5 Bxa5
35. Nf6+ Kc6 36. Nd5 Bd8 37. Nb4+ Kd7 38. Bf1 Rc5 39. Kg2 Ra5 40. Rd1 Bb3 41.
Re1 Bb6 42. Bd3 Bc5 43. Bc2 Be6 44. Nd3 Ba7 45. Nb4 Rc5 46. Rd1 Rc8 47. Nd3 Ke7
48. Nb4 f5 49. Nd5+ Kf7 50. exf5 Bxf5 51. Bxf5 gxf5 52. Ne3 Bxe3 53. fxe3 Ke6
54. Kf2 Rc4 55. Kf3 d5 56. Rd2 a5 57. Rd1 a4 58. Ra1 Kd6 59. Ra3 b5 60. Ra1 Ke6
61. Ra3 Kd6 62. Ra1 Kc5 63. Ra3 b4 64. Rxa4 bxc3 65. Rxc4+ Kxc4 66. bxc3 Kd3 67.
Kf2 e4 0-1

[Event "40th Olympiad Women"]
[Site "Istanbul TUR"]
[Date "2012.09.07"]
[Round "10.36"]
[Board "2"]
[White "Baekelant, Eva"]
[Black "Ooft, Tesora"]
[Result "1-0"]
[WhiteTitle "WFM"]
[BlackTitle "WCM"]
[WhiteElo "2128"]
[BlackElo "1716"]
[WhiteTeam "Belgium"]
[BlackTeam "Suriname"]
[WhiteFideId "210030"]
[BlackFideId "8200475"]
[EventDate "2012.08.28"]

1. d4 d5 2. c4 e6 3. Nf3 Nf6 4. e3 Be7 5. Nbd2 O-O 6. Bd3 Nbd7 7. b3 a6 8. Qc2
dxc4 9. bxc4 c5 10. Bb2 Re8 11. g4 Nf8 12. g5 N6d7 13. Rg1 Ng6 14. h4 Bd6 15. h5
Ngf8 16. Bxh7+ Nxh7 17. g6 Ndf8 18. dxc5 Nf6 19. gxf7+ Kxf7 20. cxd6 e5 21.
Nxe5+ Kg8 22. h6 Nh5 23. Qg6 Rxe5 24. Qd3 Rg5 25. O-O-O Be6 26. f4 Rf5 27. Qe4
Qd7 28. Bxg7 Re8 29. Bc3+ Kf7 30. Nf3 Bd5 31. Qxf5+ Qxf5 32. Rxd5 Qxd5 33. cxd5
Rxe3 34. Ne5+ Ke8 35. Kd2 Rh3 36. h7 Nxh7 37. Rg8+ Nf8 38. d7+ Ke7 39. d6+ 1-0

[Event "40th Olympiad Women"]
[Site "Istanbul TUR"]
[Date "2012.09.07"]
[Round "10.37"]
[Board "1"]
[White "Mazariego-K., Carolina"]
[Black "Munoz, Carolina"]
[Result "1-0"]
[WhiteTitle "WIM"]
[BlackTitle "WIM"]
[WhiteElo "2062"]
[BlackElo "1981"]
[WhiteTeam "Guatemala"]
[BlackTeam "Costa Rica"]
[WhiteFideId "7300115"]
[BlackFideId "6500579"]
[EventDate "2012.08.28"]

1. d4 d5 2. e3 Nf6 3. Bd3 c6 4. Nd2 Bg4 5. Ngf3 e6 6. h3 Bh5 7. c3 Be7 8. Qb3
Qb6 9. O-O Nbd7 10. c4 O-O 11. c5 Qc7 12. g4 Bg6 13. Bxg6 hxg6 14. Qc2 e5 15. b4
e4 16. Ne1 g5 17. a4 g6 18. Kg2 Kg7 19. f3 Rh8 20. Rh1 exf3+ 21. Nexf3 Rh6 22.
Bb2 Re8 23. Rae1 Bd8 24. e4 dxe4 25. Nxe4 Nd5 26. Ne5 f6 27. Nd6 Nf4+ 28. Kf2
Reh8 29. Nef7 Rxh3 30. Nxh8 Nd3+ 31. Qxd3 Rxd3 32. Ne8+ Kf8 33. Nxc7 Bxc7 34.
Nxg6+ Kf7 35. Re7+ Kxg6 36. Rxd7 1-0